[Event "April 9 Early 2024"]
[Site "Chess.com"]
[Date "2024.04.09"]
[Round "1"]
[White "Henriquez Villagra, Cristobal"]
[Black "Sreyas Payyappat"]
[Result "1-0"]
[Board "60"]
[WhiteFideId "3409350"]
[BlackFideId "46674969"]
[WhiteTitle "GM"]
[BlackTitle "FM"]
[WhiteElo "2899"]
[BlackElo "2510"]
[WhiteTeam "CHI"]
[BlackTeam "IND"]
[WhiteClock "0:01:06"]
[BlackClock "0:00:47"]
[Variant "Standard"]

1. g3 {[%clk 0:03:00]}  Nf6 {[%clk 0:02:57]} 2. Bg2 {[%clk 0:02:55]}  g6 {[%clk 0:02:56]} 3. e4 {[%clk 0:02:55]}  d6 {[%clk 0:02:51]} 4. d4 {[%clk 0:02:55]}  Bg7 {[%clk 0:02:51]} 5. f4 {[%clk 0:02:56]}  O-O {[%clk 0:02:49]} 6. Nc3 {[%clk 0:02:55]}  e5 {[%clk 0:02:46]} 7. Nf3 {[%clk 0:02:54]}  Nc6 {[%clk 0:02:41]} 8. d5 {[%clk 0:02:51]}  Nb4 {[%clk 0:02:27]} 9. O-O {[%clk 0:02:48]}  Re8 {[%clk 0:02:24]} 10. a3 {[%clk 0:02:30]}  Na6 {[%clk 0:02:23]} 11. f5 {[%clk 0:02:31]}  gxf5 {[%clk 0:02:18]} 12. Nh4 {[%clk 0:02:31]}  fxe4 {[%clk 0:02:16]} 13. Nxe4 {[%clk 0:02:31]}  Nxe4 {[%clk 0:02:15]} 14. Bxe4 {[%clk 0:02:32]}  Nc5 {[%clk 0:02:14]} 15. Bxh7+ {[%clk 0:02:23]}  Kxh7 {[%clk 0:02:07]} 16. Qh5+ {[%clk 0:02:24]}  Kg8 {[%clk 0:02:07]} 17. Qxf7+ {[%clk 0:02:25]}  Kh8 {[%clk 0:02:05]} 18. Qh5+ {[%clk 0:02:13]}  Kg8 {[%clk 0:02:05]} 19. Qf7+ {[%clk 0:02:14]}  Kh8 {[%clk 0:02:05]} 20. Bh6 {[%clk 0:02:03]}  Rg8 {[%clk 0:02:01]} 21. Ng6+ {[%clk 0:01:54]}  Kh7 {[%clk 0:02:01]} 22. Ne7 {[%clk 0:01:32]}  Qe8 {[%clk 0:01:38]} 23. Nxg8 {[%clk 0:01:31]}  Qxg8 {[%clk 0:01:31]} 24. Bxg7 {[%clk 0:01:24]}  Qxg7 {[%clk 0:01:28]} 25. Qh5+ {[%clk 0:01:24]}  Kg8 {[%clk 0:01:28]} 26. Qe8+ {[%clk 0:01:24]}  Kh7 {[%clk 0:01:28]} 27. Rf7 {[%clk 0:01:25]}  Ne4 {[%clk 0:01:04]} 28. Qe7 {[%clk 0:01:10]}  Qxf7 {[%clk 0:01:01]} 29. Qxf7+ {[%clk 0:01:10]}  Kh6 {[%clk 0:01:02]} 30. Qf8+ {[%clk 0:01:08]}  Kh7 {[%clk 0:01:00]} 31. Rf1 {[%clk 0:01:08]}  Ng5 {[%clk 0:00:57]} 32. Qe7+ {[%clk 0:01:06]}  Kg6 {[%clk 0:00:57]} 33. Rf6+ {[%clk 0:01:07]}  Kh5 {[%clk 0:00:57]} 34. Qg7 {[%clk 0:01:06]}  Bh3 {[%clk 0:00:47]} 35. Qh6+ {[%clk 0:01:05]}  Kg4 {[%clk 0:00:47]} 36. Qh4# {[%clk 0:01:06]} 1-0

[Event "April 9 Early 2024"]
[Site "Chess.com"]
[Date "2024.04.09"]
[Round "1"]
[White "Schoorl, Rob"]
[Black "Shankland, Sam"]
[Result "0-1"]
[Board "63"]
[WhiteFideId "1009508"]
[BlackFideId "2004887"]
[WhiteTitle "FM"]
[BlackTitle "GM"]
[WhiteElo "2509"]
[BlackElo "2886"]
[WhiteTeam "NED"]
[BlackTeam "USA"]
[WhiteClock "0:00:13"]
[BlackClock "0:01:14"]
[Variant "Standard"]

1. Nf3 {[%clk 0:03:00]}  Nf6 {[%clk 0:02:58]} 2. g3 {[%clk 0:03:00]}  e6 {[%clk 0:02:57]} 3. Bg2 {[%clk 0:03:00]}  d5 {[%clk 0:02:58]} 4. O-O {[%clk 0:03:00]}  Be7 {[%clk 0:02:58]} 5. d3 {[%clk 0:02:58]}  O-O {[%clk 0:02:58]} 6. Nbd2 {[%clk 0:02:58]}  c5 {[%clk 0:02:55]} 7. e4 {[%clk 0:02:58]}  Nc6 {[%clk 0:02:56]} 8. Re1 {[%clk 0:02:58]}  b5 {[%clk 0:02:54]} 9. e5 {[%clk 0:02:58]}  Nd7 {[%clk 0:02:54]} 10. Nf1 {[%clk 0:02:58]}  a5 {[%clk 0:02:52]} 11. h4 {[%clk 0:02:58]}  Ba6 {[%clk 0:02:51]} 12. h5 {[%clk 0:02:57]}  h6 {[%clk 0:02:51]} 13. N1h2 {[%clk 0:02:57]}  Qc7 {[%clk 0:02:45]} 14. Ng4 {[%clk 0:02:56]}  Rfc8 {[%clk 0:02:43]} 15. Bf4 {[%clk 0:02:52]}  Qd8 {[%clk 0:02:40]} 16. c3 {[%clk 0:02:48]}  b4 {[%clk 0:02:36]} 17. Qd2 {[%clk 0:02:47]}  Bf8 {[%clk 0:02:35]} 18. Rac1 {[%clk 0:02:42]}  a4 {[%clk 0:02:34]} 19. a3 {[%clk 0:02:41]}  bxa3 {[%clk 0:02:33]} 20. bxa3 {[%clk 0:02:41]}  Rab8 {[%clk 0:02:32]} 21. c4 {[%clk 0:02:30]}  Rb3 {[%clk 0:02:22]} 22. Rc3 {[%clk 0:02:20]}  Rxc3 {[%clk 0:02:15]} 23. Qxc3 {[%clk 0:02:20]}  Nb6 {[%clk 0:02:14]} 24. Nd2 {[%clk 0:01:35]}  Nd4 {[%clk 0:02:10]} 25. Qc1 {[%clk 0:01:34]}  Nb3 {[%clk 0:02:01]} 26. Nxb3 {[%clk 0:01:32]}  axb3 {[%clk 0:02:01]} 27. d4 {[%clk 0:01:18]}  cxd4 {[%clk 0:01:56]} 28. Bxh6 {[%clk 0:01:18]}  gxh6 {[%clk 0:01:45]} 29. Nf6+ {[%clk 0:01:17]}  Kh8 {[%clk 0:01:41]} 30. Qb1 {[%clk 0:01:17]}  Qxf6 {[%clk 0:01:40]} 31. exf6 {[%clk 0:01:16]}  dxc4 {[%clk 0:01:40]} 32. Bf1 {[%clk 0:01:10]}  d3 {[%clk 0:01:35]} 33. Bxd3 {[%clk 0:01:06]}  cxd3 {[%clk 0:01:35]} 34. Qxb3 {[%clk 0:01:06]}  d2 {[%clk 0:01:31]} 35. Rd1 {[%clk 0:01:06]}  Rc1 {[%clk 0:01:31]} 36. Kh2 {[%clk 0:01:05]}  Nc4 {[%clk 0:01:19]} 37. Qd3 {[%clk 0:00:13]}  Rxd1 {[%clk 0:01:14]} 0-1

[Event "April 9 Early 2024"]
[Site "Chess.com"]
[Date "2024.04.09"]
[Round "1"]
[White "Boros, Denes"]
[Black "Novosel, Lovro"]
[Result "0-1"]
[Board "70"]
[WhiteFideId "722340"]
[BlackFideId "14547120"]
[WhiteTitle "GM"]
[BlackTitle "FM"]
[WhiteElo "2877"]
[BlackElo "2505"]
[WhiteTeam "HUN"]
[BlackTeam "CRO"]
[WhiteClock "0:00:15"]
[BlackClock "0:00:20"]
[Variant "Standard"]

1. d4 {[%clk 0:03:00]}  Nf6 {[%clk 0:03:00]} 2. Nc3 {[%clk 0:03:01]}  d5 {[%clk 0:02:59]} 3. Bg5 {[%clk 0:02:59]}  Nbd7 {[%clk 0:02:53]} 4. Nf3 {[%clk 0:02:59]}  e6 {[%clk 0:02:54]} 5. e4 {[%clk 0:02:59]}  dxe4 {[%clk 0:02:53]} 6. Nxe4 {[%clk 0:02:59]}  Be7 {[%clk 0:02:54]} 7. Nxf6+ {[%clk 0:02:58]}  Nxf6 {[%clk 0:02:53]} 8. Qd3 {[%clk 0:02:55]}  O-O {[%clk 0:02:52]} 9. O-O-O {[%clk 0:02:53]}  b6 {[%clk 0:02:52]} 10. h4 {[%clk 0:02:48]}  Bb7 {[%clk 0:02:50]} 11. Qe3 {[%clk 0:02:45]}  Qd5 {[%clk 0:02:25]} 12. Kb1 {[%clk 0:02:45]}  Qe4 {[%clk 0:02:16]} 13. Bd3 {[%clk 0:02:33]}  Qxe3 {[%clk 0:02:16]} 14. fxe3 {[%clk 0:02:34]}  h6 {[%clk 0:02:14]} 15. Bxf6 {[%clk 0:02:33]}  Bxf6 {[%clk 0:02:14]} 16. e4 {[%clk 0:02:34]}  Rfd8 {[%clk 0:02:12]} 17. c3 {[%clk 0:02:32]}  c5 {[%clk 0:02:12]} 18. Bc2 {[%clk 0:02:26]}  Rac8 {[%clk 0:01:59]} 19. Rd2 {[%clk 0:02:20]}  cxd4 {[%clk 0:01:54]} 20. cxd4 {[%clk 0:02:21]}  Rc4 {[%clk 0:01:51]} 21. Rhd1 {[%clk 0:02:09]}  Rdc8 {[%clk 0:01:42]} 22. d5 {[%clk 0:02:06]}  exd5 {[%clk 0:01:37]} 23. exd5 {[%clk 0:02:07]}  Bxd5 {[%clk 0:01:31]} 24. Rxd5 {[%clk 0:01:45]}  Rxc2 {[%clk 0:01:30]} 25. R5d2 {[%clk 0:01:45]}  Rxd2 {[%clk 0:01:23]} 26. Rxd2 {[%clk 0:01:46]}  Rc7 {[%clk 0:01:04]} 27. a4 {[%clk 0:01:40]}  g5 {[%clk 0:01:04]} 28. hxg5 {[%clk 0:01:39]}  hxg5 {[%clk 0:01:05]} 29. Ka2 {[%clk 0:01:37]}  Kg7 {[%clk 0:01:02]} 30. b4 {[%clk 0:01:30]}  Kg6 {[%clk 0:00:58]} 31. b5 {[%clk 0:01:22]}  g4 {[%clk 0:00:52]} 32. Ng1 {[%clk 0:01:22]}  Be5 {[%clk 0:00:45]} 33. Ne2 {[%clk 0:01:15]}  f5 {[%clk 0:00:44]} 34. g3 {[%clk 0:01:15]}  Kf6 {[%clk 0:00:31]} 35. Kb3 {[%clk 0:01:15]}  Ke6 {[%clk 0:00:30]} 36. Rd8 {[%clk 0:01:15]}  Rd7 {[%clk 0:00:26]} 37. Re8+ {[%clk 0:01:13]}  Kf6 {[%clk 0:00:25]} 38. Kc4 {[%clk 0:01:10]}  Rd2 {[%clk 0:00:22]} 39. Nf4 {[%clk 0:01:06]}  Bxf4 {[%clk 0:00:22]} 40. gxf4 {[%clk 0:01:07]}  Rf2 {[%clk 0:00:22]} 41. a5 {[%clk 0:01:03]}  bxa5 {[%clk 0:00:20]} 42. Ra8 {[%clk 0:01:00]}  Rxf4+ {[%clk 0:00:20]} 43. Kc5 {[%clk 0:00:15]}  g3 {[%clk 0:00:20]} 0-1

[Event "April 9 Early 2024"]
[Site "Chess.com"]
[Date "2024.04.09"]
[Round "1"]
[White "Liu, Yi"]
[Black "Grandelius, Nils"]
[Result "0-1"]
[Board "71"]
[WhiteFideId "3210588"]
[BlackFideId "1710400"]
[WhiteTitle "FM"]
[BlackTitle "GM"]
[WhiteElo "2504"]
[BlackElo "2876"]
[WhiteTeam "AUS"]
[BlackTeam "SWE"]
[WhiteClock "0:00:49"]
[BlackClock "0:01:44"]
[Variant "Standard"]

1. d4 {[%clk 0:03:00]}  Nf6 {[%clk 0:02:58]} 2. Nf3 {[%clk 0:03:00]}  g6 {[%clk 0:02:58]} 3. Nc3 {[%clk 0:03:00]}  d5 {[%clk 0:02:58]} 4. Bf4 {[%clk 0:03:00]}  c6 {[%clk 0:02:58]} 5. h3 {[%clk 0:02:48]}  Qb6 {[%clk 0:02:51]} 6. Rb1 {[%clk 0:02:44]}  Bg7 {[%clk 0:02:50]} 7. e3 {[%clk 0:02:44]}  Bf5 {[%clk 0:02:45]} 8. Bd3 {[%clk 0:02:41]}  Bxd3 {[%clk 0:02:44]} 9. cxd3 {[%clk 0:02:42]}  O-O {[%clk 0:02:43]} 10. O-O {[%clk 0:02:40]}  Nbd7 {[%clk 0:02:44]} 11. b4 {[%clk 0:02:31]}  Rac8 {[%clk 0:02:39]} 12. Qc2 {[%clk 0:02:14]}  Rfe8 {[%clk 0:02:36]} 13. Rfc1 {[%clk 0:02:12]}  Nh5 {[%clk 0:02:37]} 14. Bh2 {[%clk 0:02:04]}  e5 {[%clk 0:02:27]} 15. dxe5 {[%clk 0:02:03]}  Nxe5 {[%clk 0:02:28]} 16. Bxe5 {[%clk 0:01:53]}  Bxe5 {[%clk 0:02:29]} 17. Nxd5 {[%clk 0:01:52]}  cxd5 {[%clk 0:02:23]} 18. Qxc8 {[%clk 0:01:52]}  Rxc8 {[%clk 0:02:24]} 19. Rxc8+ {[%clk 0:01:52]}  Kg7 {[%clk 0:02:25]} 20. Nxe5 {[%clk 0:01:52]}  Qe6 {[%clk 0:02:23]} 21. Rc7 {[%clk 0:01:45]}  Qxe5 {[%clk 0:02:22]} 22. Rxb7 {[%clk 0:01:46]}  d4 {[%clk 0:02:20]} 23. g4 {[%clk 0:01:04]}  Ng3 {[%clk 0:01:52]} 24. Re1 {[%clk 0:00:49]}  Qd5 {[%clk 0:01:44]} 0-1

[Event "April 9 Early 2024"]
[Site "Chess.com"]
[Date "2024.04.09"]
[Round "1"]
[White "Mekhitarian, Krikor Sevag"]
[Black "Saragih, Arif Rahman"]
[Result "1-0"]
[Board "72"]
[WhiteFideId "2107660"]
[BlackFideId "7128266"]
[WhiteTitle "GM"]
[BlackTitle "FM"]
[WhiteElo "2875"]
[BlackElo "2503"]
[WhiteTeam "BRA"]
[BlackTeam "INA"]
[WhiteClock "0:00:25"]
[BlackClock "0:00:08"]
[Variant "Standard"]

1. Nf3 {[%clk 0:03:00]}  Nf6 {[%clk 0:02:57]} 2. c4 {[%clk 0:03:00]}  g6 {[%clk 0:02:56]} 3. Nc3 {[%clk 0:03:00]}  c5 {[%clk 0:02:56]} 4. e4 {[%clk 0:02:58]}  Bg7 {[%clk 0:02:57]} 5. d4 {[%clk 0:02:58]}  d6 {[%clk 0:02:53]} 6. Be2 {[%clk 0:02:46]}  O-O {[%clk 0:02:50]} 7. O-O {[%clk 0:02:44]}  a6 {[%clk 0:02:38]} 8. h3 {[%clk 0:02:38]}  cxd4 {[%clk 0:02:35]} 9. Nxd4 {[%clk 0:02:36]}  Nc6 {[%clk 0:02:35]} 10. Be3 {[%clk 0:02:36]}  e5 {[%clk 0:02:32]} 11. Nc2 {[%clk 0:02:30]}  Be6 {[%clk 0:02:21]} 12. Qd2 {[%clk 0:02:29]}  Qe7 {[%clk 0:02:18]} 13. Rfd1 {[%clk 0:02:27]}  Rad8 {[%clk 0:02:16]} 14. Rac1 {[%clk 0:02:27]}  Ne8 {[%clk 0:01:51]} 15. Nd5 {[%clk 0:01:51]}  Bxd5 {[%clk 0:01:48]} 16. cxd5 {[%clk 0:01:51]}  Nb8 {[%clk 0:01:45]} 17. Na3 {[%clk 0:01:22]}  f5 {[%clk 0:01:30]} 18. exf5 {[%clk 0:01:19]}  Rxf5 {[%clk 0:01:29]} 19. Bg4 {[%clk 0:01:16]}  Rf8 {[%clk 0:01:24]} 20. Bb6 {[%clk 0:01:16]}  Nd7 {[%clk 0:01:11]} 21. Bxd8 {[%clk 0:01:16]}  Qxd8 {[%clk 0:01:12]} 22. b4 {[%clk 0:01:02]}  Nef6 {[%clk 0:01:11]} 23. Be6+ {[%clk 0:01:02]}  Kh8 {[%clk 0:01:10]} 24. Nc4 {[%clk 0:01:02]}  Qe7 {[%clk 0:01:06]} 25. Qe3 {[%clk 0:00:56]}  b5 {[%clk 0:01:00]} 26. Nb6 {[%clk 0:00:53]}  Nxb6 {[%clk 0:00:55]} 27. Qxb6 {[%clk 0:00:54]}  Ne4 {[%clk 0:00:50]} 28. Qe3 {[%clk 0:00:44]}  Nxf2 {[%clk 0:00:48]} 29. Rf1 {[%clk 0:00:44]}  Qf6 {[%clk 0:00:40]} 30. Rxf2 {[%clk 0:00:37]}  Qxf2+ {[%clk 0:00:29]} 31. Qxf2 {[%clk 0:00:38]}  Rxf2 {[%clk 0:00:29]} 32. Kxf2 {[%clk 0:00:39]}  Bh6 {[%clk 0:00:28]} 33. Rc6 {[%clk 0:00:36]}  Kg7 {[%clk 0:00:29]} 34. Rxd6 {[%clk 0:00:35]}  Bf4 {[%clk 0:00:27]} 35. Rxa6 {[%clk 0:00:33]}  Bd2 {[%clk 0:00:23]} 36. a3 {[%clk 0:00:31]}  h5 {[%clk 0:00:22]} 37. Ke2 {[%clk 0:00:32]}  Bf4 {[%clk 0:00:20]} 38. Rb6 {[%clk 0:00:31]}  Bc1 {[%clk 0:00:20]} 39. Rxb5 {[%clk 0:00:31]}  Bxa3 {[%clk 0:00:20]} 40. d6 {[%clk 0:00:30]}  Kf6 {[%clk 0:00:20]} 41. d7 {[%clk 0:00:31]}  Ke7 {[%clk 0:00:20]} 42. Rb8 {[%clk 0:00:31]}  Bxb4 {[%clk 0:00:15]} 43. d8=Q+ {[%clk 0:00:31]}  Kxe6 {[%clk 0:00:14]} 44. Rxb4 {[%clk 0:00:31]}  Kf5 {[%clk 0:00:15]} 45. g4+ {[%clk 0:00:30]}  hxg4 {[%clk 0:00:15]} 46. hxg4+ {[%clk 0:00:31]}  Ke6 {[%clk 0:00:10]} 47. Rb6+ {[%clk 0:00:31]}  Kf7 {[%clk 0:00:08]} 48. Qf6+ {[%clk 0:00:25]} 1-0

[Event "April 9 Early 2024"]
[Site "Chess.com"]
[Date "2024.04.09"]
[Round "1"]
[White "Aaditya Dhingra"]
[Black "Dau Khuong Duy"]
[Result "1-0"]
[Board "73"]
[WhiteFideId "25678191"]
[BlackFideId "12424722"]
[WhiteTitle "IM"]
[BlackTitle "CM"]
[WhiteElo "2503"]
[BlackElo "2874"]
[WhiteTeam "IND"]
[BlackTeam "VIE"]
[WhiteClock "0:00:25"]
[BlackClock "0:00:00"]
[Variant "Standard"]

1. e4 {[%clk 0:03:00]}  c5 {[%clk 0:02:59]} 2. Nf3 {[%clk 0:02:59]}  g6 {[%clk 0:02:59]} 3. c3 {[%clk 0:02:57]}  Bg7 {[%clk 0:02:57]} 4. d4 {[%clk 0:02:55]}  cxd4 {[%clk 0:02:53]} 5. cxd4 {[%clk 0:02:54]}  d6 {[%clk 0:02:53]} 6. Nc3 {[%clk 0:02:53]}  Nf6 {[%clk 0:02:53]} 7. Be2 {[%clk 0:02:50]}  O-O {[%clk 0:02:53]} 8. O-O {[%clk 0:02:49]}  Bg4 {[%clk 0:02:53]} 9. h3 {[%clk 0:02:48]}  Bxf3 {[%clk 0:02:52]} 10. Bxf3 {[%clk 0:02:49]}  Nc6 {[%clk 0:02:52]} 11. Be3 {[%clk 0:02:48]}  Nd7 {[%clk 0:02:51]} 12. Rc1 {[%clk 0:02:32]}  Rc8 {[%clk 0:02:46]} 13. d5 {[%clk 0:02:25]}  Nce5 {[%clk 0:02:44]} 14. Be2 {[%clk 0:02:23]}  Nc4 {[%clk 0:02:30]} 15. Bxc4 {[%clk 0:02:22]}  Rxc4 {[%clk 0:02:31]} 16. Qb3 {[%clk 0:02:22]}  Rc7 {[%clk 0:01:59]} 17. Bxa7 {[%clk 0:02:12]}  Qa8 {[%clk 0:01:30]} 18. Be3 {[%clk 0:01:45]}  Rfc8 {[%clk 0:01:30]} 19. a4 {[%clk 0:01:39]}  Nc5 {[%clk 0:01:26]} 20. Qc2 {[%clk 0:01:25]}  Bxc3 {[%clk 0:01:10]} 21. Qxc3 {[%clk 0:01:24]}  Qxa4 {[%clk 0:01:10]} 22. b4 {[%clk 0:00:56]}  Na6 {[%clk 0:01:05]} 23. Qd2 {[%clk 0:00:43]}  Rxc1 {[%clk 0:01:00]} 24. Rxc1 {[%clk 0:00:42]}  Rxc1+ {[%clk 0:01:00]} 25. Qxc1 {[%clk 0:00:42]}  Qxb4 {[%clk 0:00:53]} 26. Bh6 {[%clk 0:00:28]}  Qc5 {[%clk 0:00:13]} 27. Qb2 {[%clk 0:00:27]}  f6 {[%clk 0:00:04]} 28. Qxb7 {[%clk 0:00:27]}  Qa5 {[%clk 0:00:00]} 29. Qc8+ {[%clk 0:00:25]} 1-0

[Event "April 9 Early 2024"]
[Site "Chess.com"]
[Date "2024.04.09"]
[Round "1"]
[White "Klukin, Kirill"]
[Black "Abrahams, Daniel"]
[Result "0-1"]
[Board "80"]
[WhiteFideId "24199273"]
[BlackFideId "2606879"]
[WhiteTitle "IM"]
[WhiteElo "2862"]
[BlackElo "2498"]
[WhiteTeam "RUS"]
[BlackTeam "CAN"]
[WhiteClock "0:00:34"]
[BlackClock "0:01:02"]
[Variant "Standard"]

1. c4 {[%clk 0:03:00]}  e6 {[%clk 0:02:57]} 2. Nc3 {[%clk 0:03:00]}  d5 {[%clk 0:02:57]} 3. d4 {[%clk 0:03:01]}  Nf6 {[%clk 0:02:56]} 4. Bg5 {[%clk 0:02:59]}  Be7 {[%clk 0:02:56]} 5. e3 {[%clk 0:02:59]}  h6 {[%clk 0:02:52]} 6. Bh4 {[%clk 0:02:55]}  O-O {[%clk 0:02:52]} 7. Bd3 {[%clk 0:02:55]}  b6 {[%clk 0:02:52]} 8. cxd5 {[%clk 0:02:53]}  Nxd5 {[%clk 0:02:52]} 9. Bxe7 {[%clk 0:02:53]}  Qxe7 {[%clk 0:02:53]} 10. Nxd5 {[%clk 0:02:53]}  exd5 {[%clk 0:02:54]} 11. Ne2 {[%clk 0:02:45]}  c5 {[%clk 0:02:51]} 12. dxc5 {[%clk 0:02:42]}  bxc5 {[%clk 0:02:51]} 13. O-O {[%clk 0:02:42]}  Be6 {[%clk 0:02:47]} 14. Rc1 {[%clk 0:02:42]}  Rc8 {[%clk 0:02:45]} 15. Qa4 {[%clk 0:02:36]}  a5 {[%clk 0:02:44]} 16. Bb5 {[%clk 0:02:29]}  Nd7 {[%clk 0:02:40]} 17. Nf4 {[%clk 0:02:27]}  Nb6 {[%clk 0:02:35]} 18. Qa3 {[%clk 0:02:27]}  a4 {[%clk 0:02:24]} 19. Rfd1 {[%clk 0:02:12]}  Qc7 {[%clk 0:02:14]} 20. Be2 {[%clk 0:01:59]}  Rab8 {[%clk 0:02:00]} 21. h3 {[%clk 0:01:56]}  Qe5 {[%clk 0:01:58]} 22. Nd3 {[%clk 0:01:55]}  Qg5 {[%clk 0:01:50]} 23. Rxc5 {[%clk 0:01:40]}  Bxh3 {[%clk 0:01:46]} 24. Nf4 {[%clk 0:01:40]}  Be6 {[%clk 0:01:42]} 25. Rxc8+ {[%clk 0:01:37]}  Rxc8 {[%clk 0:01:39]} 26. Qb4 {[%clk 0:01:35]}  Nc4 {[%clk 0:01:32]} 27. b3 {[%clk 0:01:25]}  axb3 {[%clk 0:01:31]} 28. axb3 {[%clk 0:01:25]}  Ne5 {[%clk 0:01:21]} 29. Nxe6 {[%clk 0:00:40]}  fxe6 {[%clk 0:01:19]} 30. f4 {[%clk 0:00:41]}  Qh4 {[%clk 0:01:05]} 31. Qe7 {[%clk 0:00:34]}  Qxe7 {[%clk 0:01:02]} 0-1

[Event "April 9 Early 2024"]
[Site "Chess.com"]
[Date "2024.04.09"]
[Round "1"]
[White "Mahdavi, Reza"]
[Black "Collins, Adam"]
[Result "1-0"]
[Board "82"]
[WhiteFideId "12595926"]
[BlackFideId "2512300"]
[WhiteTitle "FM"]
[BlackTitle "CM"]
[WhiteElo "2859"]
[BlackElo "2497"]
[WhiteTeam "IRI"]
[BlackTeam "IRL"]
[WhiteClock "0:00:30"]
[BlackClock "0:00:11"]
[Variant "Standard"]

1. e4 {[%clk 0:03:00]}  a6 {[%clk 0:02:59]} 2. d4 {[%clk 0:02:40]}  b5 {[%clk 0:02:59]} 3. Bd3 {[%clk 0:02:41]}  Bb7 {[%clk 0:02:59]} 4. Nf3 {[%clk 0:02:41]}  e6 {[%clk 0:02:59]} 5. Qe2 {[%clk 0:02:42]}  Nf6 {[%clk 0:02:59]} 6. e5 {[%clk 0:02:42]}  Nd5 {[%clk 0:02:59]} 7. c3 {[%clk 0:02:42]}  d6 {[%clk 0:02:58]} 8. O-O {[%clk 0:02:42]}  Be7 {[%clk 0:02:58]} 9. Re1 {[%clk 0:02:42]}  c5 {[%clk 0:02:57]} 10. a4 {[%clk 0:02:41]}  b4 {[%clk 0:02:50]} 11. dxc5 {[%clk 0:02:35]}  dxc5 {[%clk 0:02:39]} 12. c4 {[%clk 0:02:36]}  Nb6 {[%clk 0:02:36]} 13. a5 {[%clk 0:02:35]}  N6d7 {[%clk 0:02:37]} 14. Bf4 {[%clk 0:02:34]}  Nc6 {[%clk 0:02:36]} 15. Nbd2 {[%clk 0:02:34]}  Nxa5 {[%clk 0:02:33]} 16. Ne4 {[%clk 0:02:34]}  Nc6 {[%clk 0:02:31]} 17. Nd6+ {[%clk 0:02:33]}  Bxd6 {[%clk 0:02:31]} 18. exd6 {[%clk 0:02:34]}  Nf6 {[%clk 0:02:21]} 19. Rad1 {[%clk 0:02:27]}  Qd7 {[%clk 0:02:15]} 20. Ne5 {[%clk 0:02:25]}  Nxe5 {[%clk 0:02:15]} 21. Bxe5 {[%clk 0:02:26]}  O-O-O {[%clk 0:02:15]} 22. Qe3 {[%clk 0:02:24]}  Qc6 {[%clk 0:02:09]} 23. Qg3 {[%clk 0:02:09]}  Nh5 {[%clk 0:01:59]} 24. Qh3 {[%clk 0:02:06]}  Nf6 {[%clk 0:01:53]} 25. Be2 {[%clk 0:02:00]}  Ne8 {[%clk 0:01:36]} 26. d7+ {[%clk 0:01:39]}  Rxd7 {[%clk 0:01:31]} 27. Bf3 {[%clk 0:01:39]}  Rxd1 {[%clk 0:01:29]} 28. Rxd1 {[%clk 0:01:39]}  Qb6 {[%clk 0:01:27]} 29. Bxb7+ {[%clk 0:01:23]}  Qxb7 {[%clk 0:01:28]} 30. Qd3 {[%clk 0:01:20]}  Nf6 {[%clk 0:01:25]} 31. Bxf6 {[%clk 0:01:20]}  gxf6 {[%clk 0:01:25]} 32. Qd6 {[%clk 0:01:21]}  Rg8 {[%clk 0:01:08]} 33. g3 {[%clk 0:01:14]}  h5 {[%clk 0:00:28]} 34. Qxc5+ {[%clk 0:01:11]}  Kb8 {[%clk 0:00:28]} 35. Qxh5 {[%clk 0:01:06]}  Qc7 {[%clk 0:00:28]} 36. Ra1 {[%clk 0:00:55]}  Qxc4 {[%clk 0:00:24]} 37. Qxf7 {[%clk 0:00:54]}  Rd8 {[%clk 0:00:21]} 38. Qxf6 {[%clk 0:00:53]}  Rd2 {[%clk 0:00:20]} 39. h4 {[%clk 0:00:48]}  Kb7 {[%clk 0:00:20]} 40. h5 {[%clk 0:00:46]}  Qd5 {[%clk 0:00:19]} 41. Qe7+ {[%clk 0:00:43]}  Kc8 {[%clk 0:00:16]} 42. Rc1+ {[%clk 0:00:29]}  Kb8 {[%clk 0:00:15]} 43. Qxb4+ {[%clk 0:00:29]}  Ka7 {[%clk 0:00:11]} 44. Rc7+ {[%clk 0:00:29]}  Ka8 {[%clk 0:00:11]} 45. Rc8+ {[%clk 0:00:29]}  Ka7 {[%clk 0:00:11]} 46. Qb8# {[%clk 0:00:30]} 1-0

[Event "April 9 Early 2024"]
[Site "Chess.com"]
[Date "2024.04.09"]
[Round "1"]
[White "Quispe Arteaga, Gabriel"]
[Black "Kubicka, Anna"]
[Result "1-0"]
[Board "84"]
[WhiteFideId "32059809"]
[BlackFideId "1152254"]
[WhiteTitle "FM"]
[BlackTitle "WIM"]
[WhiteElo "2852"]
[BlackElo "2496"]
[WhiteTeam "ESP"]
[BlackTeam "POL"]
[WhiteClock "0:00:27"]
[BlackClock "0:00:00"]
[Variant "Standard"]

1. c4 {[%clk 0:02:57]}  g6 {[%clk 0:02:55]} 2. Nc3 {[%clk 0:02:53]}  Bg7 {[%clk 0:02:56]} 3. g3 {[%clk 0:02:52]}  Nf6 {[%clk 0:02:54]} 4. Bg2 {[%clk 0:02:51]}  O-O {[%clk 0:02:55]} 5. Nf3 {[%clk 0:02:48]}  d5 {[%clk 0:02:54]} 6. cxd5 {[%clk 0:02:47]}  Nxd5 {[%clk 0:02:55]} 7. Qb3 {[%clk 0:02:47]}  Nb6 {[%clk 0:02:51]} 8. d3 {[%clk 0:02:45]}  Nc6 {[%clk 0:02:49]} 9. O-O {[%clk 0:02:44]}  Be6 {[%clk 0:02:49]} 10. Qc2 {[%clk 0:02:44]}  Nb4 {[%clk 0:02:46]} 11. Qd1 {[%clk 0:02:44]}  c6 {[%clk 0:02:38]} 12. Bd2 {[%clk 0:02:41]}  N4d5 {[%clk 0:02:26]} 13. Qc1 {[%clk 0:02:38]}  Nxc3 {[%clk 0:02:26]} 14. Bxc3 {[%clk 0:02:37]}  Na4 {[%clk 0:02:08]} 15. Bxg7 {[%clk 0:02:32]}  Kxg7 {[%clk 0:02:09]} 16. Ng5 {[%clk 0:02:28]}  Bf5 {[%clk 0:01:59]} 17. g4 {[%clk 0:01:56]}  Bc8 {[%clk 0:01:35]} 18. h3 {[%clk 0:01:53]}  Qd4 {[%clk 0:01:32]} 19. b3 {[%clk 0:01:42]}  Nc3 {[%clk 0:01:29]} 20. Qd2 {[%clk 0:01:41]}  Qf4 {[%clk 0:01:19]} 21. Qxc3+ {[%clk 0:01:40]}  e5 {[%clk 0:01:15]} 22. Nf3 {[%clk 0:01:37]}  Re8 {[%clk 0:01:12]} 23. e3 {[%clk 0:01:36]}  Qf6 {[%clk 0:01:11]} 24. d4 {[%clk 0:01:36]}  e4 {[%clk 0:01:06]} 25. Nd2 {[%clk 0:01:36]}  h5 {[%clk 0:01:05]} 26. Nxe4 {[%clk 0:01:36]}  Rxe4 {[%clk 0:01:03]} 27. Bxe4 {[%clk 0:01:36]}  hxg4 {[%clk 0:01:04]} 28. hxg4 {[%clk 0:01:37]}  Bxg4 {[%clk 0:01:01]} 29. Rac1 {[%clk 0:01:22]}  Qh4 {[%clk 0:00:53]} 30. d5+ {[%clk 0:01:21]}  f6 {[%clk 0:00:53]} 31. Qc5 {[%clk 0:00:59]}  Rh8 {[%clk 0:00:33]} 32. Qe7+ {[%clk 0:00:58]}  Kg8 {[%clk 0:00:33]} 33. Qd8+ {[%clk 0:00:37]}  Kg7 {[%clk 0:00:26]} 34. Qc7+ {[%clk 0:00:37]}  Kg8 {[%clk 0:00:20]} 35. Qg3 {[%clk 0:00:37]}  Qh5 {[%clk 0:00:11]} 36. dxc6 {[%clk 0:00:34]}  bxc6 {[%clk 0:00:11]} 37. Rxc6 {[%clk 0:00:33]}  Qg5 {[%clk 0:00:06]} 38. Bg2 {[%clk 0:00:27]}  Kg7 {[%clk 0:00:03]} 39. Rc7+ {[%clk 0:00:27]}  Kh6 {[%clk 0:00:00]} 40. Qf4 {[%clk 0:00:27]} 1-0